00171 a2200085 450000100060000004000240000624000200003024500180005065000170006868503 cAnchieta - Itaigara10aProjeto Prosal10aProjeto Prosa 4aEducação